The experience with community telecentres
| Corporate Authors: | , , |
|---|---|
| Other Authors: | |
| Format: | Electronic eBook |
| Language: | English French |
| Published: |
Ottawa, Ont. ; Dakar [Senegal] : Dakar [Senegal] :
International Development Research Centre ; Council for the Development of Social Science Research in Africa,
2003.
|
| Series: | Canadian electronic library. Books collection.
Technologies de l'information et de la communication pour le developpement en Afrique. v. 2. |
| Subjects: | |
| Online Access: | Click to View |
| LEADER | 02026nam a2200457Ia 4500 | ||
|---|---|---|---|
| 001 | EBC266922 | ||
| 003 | MiAaPQ | ||
| 005 | 20200520144314.0 | ||
| 006 | m o d | | ||
| 007 | cr cn||||||||| | ||
| 008 | 030701s2003 onca sb 000 0 eng d | ||
| 010 | |z 2003405332 | ||
| 020 | |z 1552500063 (v. 2) | ||
| 035 | |a (MiAaPQ)EBC266922 | ||
| 035 | |a (Au-PeEL)EBL266922 | ||
| 035 | |a (CaPaEBR)ebr10137749 | ||
| 035 | |a (CaONFJC)MIL71770 | ||
| 035 | |a (OCoLC)475991198 | ||
| 040 | |a MiAaPQ |c MiAaPQ |d MiAaPQ | ||
| 041 | 1 | |a eng |h fre | |
| 050 | 4 | |a HC800.Z9 |b I55813 2003 | |
| 082 | 0 | 4 | |a 338.96/02 |2 22 |
| 245 | 0 | 4 | |a The experience with community telecentres |h [electronic resource] / |c ed. by Florence Ebam Etta and Sheila Parvyn-Wamahiu. |
| 260 | |a Ottawa, Ont. ; |a Dakar [Senegal] : |b International Development Research Centre ; |a Dakar [Senegal] : |b Council for the Development of Social Science Research in Africa, |c 2003. | ||
| 300 | |a xxx, 193 p. : |b ill. | ||
| 490 | 1 | |a Information and communication technologies for development in Africa ; |v v. 2 | |
| 504 | |a Includes bibliographical references. | ||
| 533 | |a Electronic reproduction. Ann Arbor, MI : ProQuest, 2015. Available via World Wide Web. Access may be limited to ProQuest affiliated libraries. | ||
| 650 | 0 | |a Information technology |z Africa. | |
| 650 | 0 | |a Telecommunication |z Africa. | |
| 650 | 0 | |a Telecommuting centers |z Africa. | |
| 650 | 0 | |a Community development |z Africa. | |
| 655 | 4 | |a Electronic books. | |
| 700 | 1 | |a Ebam Etta, Florence. | |
| 710 | 2 | |a International Development Research Centre (Canada) | |
| 710 | 2 | |a Codesria. | |
| 710 | 2 | |a ProQuest (Firm) | |
| 730 | 0 | |a Technologies de l'information et de la communication pour le developpement en Afrique. |l English. | |
| 830 | 0 | |a Canadian electronic library. |p Books collection. | |
| 830 | 0 | |a Technologies de l'information et de la communication pour le developpement en Afrique. |l English ; |v v. 2. | |
| 856 | 4 | 0 | |u https://ebookcentral.proquest.com/lib/matrademy/detail.action?docID=266922 |z Click to View |


